Propast času. III, Impérium /
Závěrečný díl je svědkem utváření nové Evropy. O vládu nad kontinentem nyní soupeří dvě největší impéria, která zhroucení časoprostoru zastihlo na vrcholu moci - Británie z roku 1900 a Tonina Římská říše.
Uloženo v:
| Série: | Propast času,
část 3 |
|---|---|
| Hlavní autor: | |
| Médium: | E-kniha |
| Jazyk: | Czech |
| Vydáno: |
Praha :
Epocha,
2026
|
| Vydání: | V nakladatelství Epocha první vydání |
| Edice: | Fantastická Epocha
|
| Témata: | |
| Příbuzné jednotky: | Z cyklu::
Propast času |
| Tagy: |
Žádné tagy |
| LEADER | 02295nam a2200433 i 4500 | ||
|---|---|---|---|
| 001 | 302429 | ||
| 003 | CZ PrSKC | ||
| 005 | 20260512063242.0 | ||
| 007 | ta | ||
| 008 | 260429s2026 xr a g 000 f cze | ||
| 015 | |a cnb003755611 | ||
| 020 | |a 9788027802791 |q (vázáno) | ||
| 040 | |a ABG001 |b cze |e rda | ||
| 072 | 7 | |a 821.162.3-3 |x Česká próza |2 Konspekt | |
| 080 | |a 821.162.3-31 |2 MRF | ||
| 080 | |a (0:82-311.9) |2 MRF | ||
| 100 | 1 | |a Bureš, Roman, |d 1975- |7 osa2013783496 |4 aut | |
| 245 | 1 | 0 | |a Propast času. |n III, |p Impérium / |c Roman Bureš |
| 246 | 3 | 0 | |a Impérium |
| 250 | |a V nakladatelství Epocha první vydání | ||
| 264 | 1 | |a Praha : |b Epocha, |c 2026 | |
| 300 | |a 628 stran : |b ilustrace ; |c 22 cm + |e rozkládací přebal s mapou | ||
| 336 | |a text |b txt |2 rdacontent | ||
| 337 | |a bez média |b n |2 rdamedia | ||
| 338 | |a svazek |b nc |2 rdacarrier | ||
| 490 | 1 | |a Fantastická Epocha ; |v svazek 165 | |
| 520 | 2 | |a Závěrečný díl je svědkem utváření nové Evropy. O vládu nad kontinentem nyní soupeří dvě největší impéria, která zhroucení časoprostoru zastihlo na vrcholu moci - Británie z roku 1900 a Tonina Římská říše. |b Na čí stranu se pak přikloní novopečený král Francie Aaronson, ve skutečnosti cílevědomý gangster z budoucnosti? Všichni tito protivníci jsou však ničím proti apokalyptické zkáze, která se do Evropy valí z východu a proti muži, jenž sám sebe nazývá Bohem. Nakladatelská anotace. | |
| 655 | 7 | |a české romány |7 fd133974 |2 czenas | |
| 655 | 7 | |a vědecko-fantastické romány |7 fd133847 |2 czenas | |
| 655 | 9 | |a Czech fiction |2 eczenas | |
| 655 | 9 | |a science fiction novels |2 eczenas | |
| 710 | 2 | |a Epocha (nakladatelství) |7 xx0214891 |4 pbl | |
| 787 | 0 | 8 | |i Z cyklu: |t Propast času |g 3 |
| 830 | 0 | |a Fantastická Epocha | |
| 900 | |a ABG001 |b 19 | ||
| 044 | |a xr | ||
| 910 | |a RBIT002 | ||
| 998 | |d 426751 |a https://core.palmknihy.cz/api/books/426751/cover?tem08f |b https://core.palmknihy.cz/api/books/426751/cover/400?tem08f |c https://core.palmknihy.cz/api/books/426751/cover/50?tem08f |e 2031-05-06 |g 632 |i 9788027802791 |j https://core.palmknihy.cz/api/books/426751/preview.epub |k https://core.palmknihy.cz/api/books/426751/preview.pdf |l |q 49 |r 1 |s https://www.palmknihy.cz/kniha/426751 |t ebook |y 2026 |z 0 |v Propast času |w 3 | ||
| 999 | |d 302427 | ||